| 000 | 00870nam a2200253 a 4500 | ||
|---|---|---|---|
| 001 | 000011997 | ||
| 005 | 20240529124642.0 | ||
| 008 | 091102s2001 mx 000 f spa d | ||
| 020 | _a9681908104 | ||
| 040 |
_aDO-SdBNP _bspa _cBNPHU |
||
| 041 | 1 | 7 |
_aspa _hpor _2Código de idioma MARC |
| 082 |
_aB869.34 _bS419m |
||
| 100 | 1 |
_aScliar, Moacyr, _d1937- _928393 |
|
| 240 | 1 | 2 |
_aA mulher que escreveu a bíblia. _lespañol |
| 245 | 1 | 3 |
_aLa mujer que escribió la biblia / _cMoacyr Scliar ; traduccido por María Auxilio Salado. |
| 260 |
_aMéxico : _bAlfaguara, _c2001. |
||
| 300 |
_a194 p. ; _c24 cm. |
||
| 534 |
_pTítulo en original en portugués: _tA mulher que escreveu a bíblia, _c1999 |
||
| 650 | 0 |
_aNovela brasileña _913650 |
|
| 650 | 4 |
_aLiteratura brasileña _ySIGLO XX _94716 |
|
| 710 | 1 |
_aSalado, María Auxilio, _etr. _928394 |
|
| 910 | _aWM | ||
| 049 | _aBNGR | ||
| 999 |
_c11665 _d11665 |
||